MARC

LEADER 00000nam0a2200000 4500
001 64386
005 20231101212128.0
035 |a (RuTPU)RU\TPU\book\68329 
090 |a 64386 
100 |a 20040531d1978 m y0rusy50 ca 
101 0 |a rus 
102 |a RU 
105 |a a j 001zy 
200 1 |a Диффузия в металлах  |e учебное пособие для студентов вузов  |f Б. С. Бокштейн 
210 |a Москва  |c Металлургия  |d 1978 
215 |a 248 с.  |c ил. 
320 |a Списки литературы в тексте 
606 1 |a Металлы  |x Диффузия  |2 stltpush  |3 (RuTPU)RU\TPU\subj\43169  |9 62725 
610 1 |a металловедение 
610 1 |a физико-химические исследования 
610 1 |a производство 
610 1 |a эксплуатация 
610 1 |a учебные пособия 
675 |a 669:539.2(075.8)  |v 4 
700 1 |a Бокштейн  |b Б. С.  |g Борис Самуилович 
801 1 |a RU  |b 63413507  |c 20040531  |g PSBO 
801 2 |a RU  |b 63413507  |c 20201105  |g PSBO 
900 |a Физико-химические основы металлургических процессов 
900 |a Металловедение и термическая обработка 
942 |c BK 
952 |a 550000  |b 110500